Elektonické podpisovanie dokumentov bakalárska práca

Na minha lista:
Detalhes bibliográficos
Autor principal: Lampert, Tomáš
Autor Corporativo: Fakulta hospodárskej informatiky EU. Katedra aplikovanej informatiky
Outros Autores: Kvietková, Anna
Formato: Livro
Idioma:eslovaco
Publicado em: Bratislava 2013
Tags: Adicionar Tag
Sem tags, seja o primeiro a adicionar uma tag!

MARC

LEADER 00000nbm a2200000 4500
001 0173110
005 20161109112139.2
041 0 |a slo 
044 |a SK 
245 1 0 |a Elektonické podpisovanie dokumentov  |b bakalárska práca  |c Tomáš Lampert ; školiteľ: Anna Kvietková 
264 1 |a Bratislava  |c 2013 
300 |a 38 s. 
100 1 |a Lampert, Tomáš 
700 1 |a Kvietková, Anna 
710 2 |a Fakulta hospodárskej informatiky EU. Katedra aplikovanej informatiky